| 000 | 00745nam a2200193 i 4500 | ||
|---|---|---|---|
| 001 | 82516 | ||
| 003 | ES-MaACL | ||
| 005 | 20230906174703.0 | ||
| 007 | t| | ||
| 008 | 041110s1916 sp ||||1| spa d | ||
| 100 | 1 |
_aIbn Badr, Muhammad b. Umar. _965007 |
|
| 245 | 1 | 0 |
_aCompendio de Algebra de Abenbeder / _cTexto árabe, traducción y estudio por José A. Sanchez Perez. |
| 260 |
_aMadrid : _b[s.n., _c1916] ( _fImp. Ibérica) |
||
| 300 |
_a2 t. en 1 v. ; _c23 cm. |
||
| 500 | _aPrecede al tít.: Junta para la Ampliación de Estudios e Investigaciones Científicas. | ||
| 700 | 1 |
_aSánchez Pérez, José Augusto. _9102843 |
|
| 710 | 2 |
_aJunta para la Ampliación de Estudios e Investigaciones Científicas. _95413 |
|
| 852 |
_aES-MaACL _jB-5058 |
||
| 999 |
_c82516 _d82516 |
||